| 000 | 00723nam a2200241Ia 4500 | ||
|---|---|---|---|
| 008 | 170203s9999 xx 000 0 und d | ||
| 020 | _a0-721415652 | ||
| 050 | _aFic | ||
| 050 | _bT374 | ||
| 100 | _aStimson, Joan. | ||
| 245 | 4 | _aThe sly fox and the little red hen : | |
| 245 | _bbased on a traditional folk tale / | ||
| 245 | _cby Joan Stimson ; illustrated by Brian Price Thomas. | ||
| 260 | _aLoughborough, Leicestershire | ||
| 260 | _bLadybird books Ltd. | ||
| 260 | _c1993 | ||
| 300 | _a25 unnumbered pages. | ||
| 440 | _aFavourite Tales. | ||
| 500 | _a"Based on a traditional folk tale. " | ||
| 650 | _aEnglish fiction -- | ||
| 650 | _xChildren's stories. | ||
| 700 | _aThomas, Brian Price, ill. | ||
| 999 |
_c306639 _d306639 |
||